00829nam a22002057a 45000010005000000030006000050050017000110080041000280200018000690400029000870500013001160820012001291000023001412450104001642600038002683000049003065200195003556500035005507000038005854923FISKH20241025102203.0241025b cb ||||| |||| 00| 0 eng d a9780545279369 aFISKHbengcFISKHdFISKH aE185.W55 a323.092 aMyers, Walter Dean aIda B. Wells :b Let the Truth Be Told /cby Walter Dean Myers : illustrated by Bonnie Christensen  aNew York : bScholastic ;c2008 . a37 pages : bcolor illustrations ;c26 cm .  aAward-winning author Myers tells the story of legendary civil rights figure Ida B. Wells, who fought to make the lives of African Americans better long before the events of the 20th century. aAfrican Americansvnon-fiction aChristensen, Bonnieeillustrator